Shaping a workforce for today's acquisition environment that can meet DOD's needs : hearing before the Panel on Defense Acquisition Reform of the Committee on Armed Services, House of Representatives, One Hundred Eleventh Congress, first session, hearing held July 21, 2009.

Bibliographic Details
Corporate Author: United States. Congress. House. Committee on Armed Services. Panel on Defense Acquisition Reform
Format: Government Document eBook
Language:English
Published: Washington : U.S. G.P.O., 2010.
Subjects:
Online Access:Electronic resource (PDF)

MARC

Tag First Indicator Second Indicator Subfields
LEADER 00000cam a22000001a 4500
001 in00004100593
005 20200117091324.0
006 m d f
007 cr bn mmmapmmp
008 100726s2010 dcua ob f000 0 eng d
035 |a chdc201000161 
040 |a UMI  |c UMI  |d UtOrBLW 
042 |a pcc 
043 |a n-us--- 
074 |a 1012-C-01 
086 0 |a Y 4.AR 5/2A:2009-2010/84 
088 |a H.A.S.C. no. 111-84 
110 1 |a United States.  |b Congress.  |b House.  |b Committee on Armed Services.  |b Panel on Defense Acquisition Reform.  |0 http://id.loc.gov/authorities/names/no2010065665 
245 1 0 |a Shaping a workforce for today's acquisition environment that can meet DOD's needs :  |b hearing before the Panel on Defense Acquisition Reform of the Committee on Armed Services, House of Representatives, One Hundred Eleventh Congress, first session, hearing held July 21, 2009. 
264 1 |a Washington :  |b U.S. G.P.O.,  |c 2010. 
264 2 |a Washington :  |b For sale by the Supt. of Docs., U.S. G.P.O. 
300 |a iii, 85 pages :  |b illustrations, digital, PDF file. 
336 |a text  |b txt  |2 rdacontent 
337 |a computer  |b c  |2 rdamedia 
338 |a online resource  |b cr  |2 rdacarrier 
500 |a Shipping list number: 2010-0292-P. 
504 |a Includes bibliographical references. 
500 |a "H.A.S.C. number 111-84." 
500 |a Record is based on bibliographic data in ProQuest Congressional Hearings Digital Collection. Reuse except for individual research requires license from ProQuest, LLC. 
500 |a Electronic resource. 
533 |a Electronic reproduction.  |b [Bethesda, Md.] :  |c ProQuest,  |d 2010.  |e digital, PDF file.  |n ProQuest U.S. Congressional Hearings Digital Collection.  |n Mode of access: World Wide Web via ProQuest website. 
538 |a System requirements: PDF reader software. 
610 1 0 |a United States.  |b Department of Defense  |x Procurement. 
610 1 0 |a United States.  |b Department of Defense  |x Personnel management. 
650 0 |a Government purchasing  |x Employees  |x Training of. 
650 0 |a Government purchasing  |x Standards  |z United States. 
776 0 8 |i Print version:   |a United States. Congress. House. Committee on Armed Services. Panel on Defense Acquisition Reform.  |t Shaping a workforce for today's acquisition environment that can meet DOD's needs  |w 9780160858956  |w 016085895X  |w (OCoLC)ocn644652112  |z 2010443439 
776 0 8 |i Microfiche version:   |a United States. Congress. House. Committee on Armed Services. Panel on Defense Acquisition Reform.  |t Shaping a workforce for today's acquisition environment that can meet DOD's needs  |d [Bethesda, Md.] : ProQuest,[2010]  |o CIS 2010 H201-89  |w (ProQuest)cis01000208  
856 4 0 |u http://proxy.library.tamu.edu/login?url=http://search.proquest.com/congcomp/getdoc?HEARING-ID=HRG-2009-ASH-0043  |y Electronic resource (PDF)  |t 0 
998 |a cis01000208  
999 f f |s 5ac031d7-1258-3547-a4cb-076c56467abd  |i dee78ec7-3af0-35ef-9f66-5a5db47236d8  |t 0 
952 f f |a Texas A&M University  |b College Station  |c Electronic Resources  |d Available Online  |t 0  |e Y 4.AR 5/2A:2009-2010/84  |h Superintendent of Documents classification 
998 f f |a Y 4.AR 5/2A:2009-2010/84  |t 0  |l Available Online